logo

Bir Sreshtho Munshi Abdur Rouf Library
Jhenaidah Cadet College

বঙ্গবন্ধু ও মুক্তিযুদ্ধ / (Record no. 12776)

MARC details
000 -LEADER
fixed length control field 00700nam a2200229 a 4500
001 - CONTROL NUMBER
JCCL Control Number 12776
003 - CONTROL NUMBER IDENTIFIER
JCCL marc code BD-JhCC
005 - DATE AND TIME OF LATEST TRANSACTION
control field 20250311123211.0
008 - FIXED-LENGTH DATA ELEMENTS--GENERAL INFORMATION
fixed length control field 230511s2023 bg |||| |||| 000 0 ben d
020 ## - INTERNATIONAL STANDARD BOOK NUMBER
International Standard Book Number 9847034308402
035 ## - SYSTEM CONTROL NUMBER
system control number (BD-JhCC)12776
040 ## - CATALOGING SOURCE
Original cataloging agency BD-JhCC
Modifying agency BD-JhCC
041 ## - LANGUAGE CODE
Language code of Book eng
082 ## - DEWEY DECIMAL CLASSIFICATION NUMBER
Classification number 923.1
Author mark and Year SHA 2021
100 ## - MAIN ENTRY--PERSONAL NAME
Personal name শেলী,শ্রাবনী
245 ## - TITLE STATEMENT
Title বঙ্গবন্ধু ও মুক্তিযুদ্ধ /
Statement of responsibility, etc শ্রাবনী শেলী।
260 ## - PUBLICATION, DISTRIBUTION, ETC. (IMPRINT)
Place of publication, distribution, etc ঢাকা :
Name of publisher, distributor, etc বিভাস,
Date of publication, distribution, etc ২০২১.
300 ## - PHYSICAL DESCRIPTION
Pagination 80 পৃ. :
Dimensions ২১ সেমি.
600 ## - SUBJECT ADDED ENTRY--PERSONAL NAME
Personal name Rahman, Shekh Mujibur
650 ## - SUBJECT ADDED ENTRY--TOPICAL TERM
Topical term or geographic name as entry element Biography
942 ## - ADDED ENTRY ELEMENTS (KOHA)
Source of classification or shelving scheme Dewey Decimal Classification
Koha item type Books
Holdings
Source of classification or shelving scheme Damaged status Not for loan Home library Current library Shelving location Date of accession Cost, normal purchase price Total Checkouts Full call number Barcode Date last seen Date checked out Copy number Method of acquisition Koha item type Currency
Dewey Decimal Classification     JCC Rouf Library JCC Rouf Library General Stacks 05/11/2023 200.00 1 923.1 SHA 2021 17749 01/29/2025 05/11/2023 C-1 Purchase Books BDT

JCC Library | Contacts | JCC Home

Last Update on 23 September 2017
Copyright @ 2017-2020 JCC Rouf Library
Rouf Library, Jhenidah Cadet College (JCC), Bangladesh